| 000 -ლიდერი |
| ფიქსირებული სიგრძის საკონტროლო ველი |
01077nam a22002057a 4500 |
| 003 - საკონტროლო ნომრის იდენტიფიკატორი |
| საკონტროლო ველი |
Ge_BSU |
| 005 - ბოლო ოპერაციის თარიღი და დრო |
| საკონტროლო ველი |
20220603122322.0 |
| 008 - ფიქსირებული სიგრძის მონაცემთა ელემენტები - ზოგადი ინფორმაცია |
| ფიქსირებული სიგრძის საკონტროლო ველი |
220603s2018 ge ||||| |||| 00| 0 geo d |
| 020 ## - წიგნის საერთაშორისო სტანდარტული ნომერი |
| International Standard Book Number |
9789941805684 |
| 041 ## - ენის კოდი |
| Language code of text/sound track or separate title |
geo |
| Language code of original and/or intermediate translations of text |
gem |
| 080 ## - უნივერსალური ათობითი კლასიფიკაციის ინდექსი |
| Universal Decimal Classification number |
1(430) შ-81 |
| 100 ## - მთავარი ჩანაწერი - პიროვნების სახელი |
| Personal name |
შოპენჰაუერი, არტურ |
| 9 (RLIN) |
13971 |
| 245 ## - ცნობა სათაურის შესახებ |
| Title |
ცხოვრების ამაოება და სიმწარენი / |
| Statement of responsibility, etc |
არტურ შოპენჰაუერი ; თარგმნა და კომენტარები დაურთო ზურაბ ხასაიამ ; მხატვარი ვასილ ნასიბოვი. |
| 264 ## - წარმოების, გამოცემის, დისტრიბუციის და სხვა ცნობები |
| გამოცემის, წარმოების, დისტრიბუციის... ადგილი |
თბილისი : |
| გამოცემის, წარმოების, დისტრიბუციის... სახელწოდება |
Carpe diem, |
| გამოცემის, წარმოების, დისტრიბუციის... თარიღი |
2018. |
| 300 ## - ფიზიკური აღწერა |
| Extent |
460 გვ. ; |
| Other physical details |
20 სმ. |
| 500 ## - ზოგადი შენიშვნა |
| General note |
კომენტარები: გვ. 389-456. |
| 653 ## - INDEX TERM--UNCONTROLLED |
| Uncontrolled term |
გერმანული ფილოსოფია. |
| 700 ## - ADDED ENTRY--PERSONAL NAME |
| Personal name |
ხასაია, ზურაბ |
| Relator term |
მთარგმნელი, კომენტარების ავტორი |
| 9 (RLIN) |
13972 |
| 942 ## - ADDED ENTRY ELEMENTS (KOHA) |
| Source of classification or shelving scheme |
|
| Koha item type |
წიგნი |